[Event "2023 Welsh Open"]
[Site "Cardiff"]
[Date "2023.04.10"]
[Round "7.7"]
[White "Westcott, Dale"]
[Black "Fowler, Caspian"]
[Result "0-1"]
[WhiteElo "1607"]
[BlackElo "1546"]
[Annotator "Paul,Hatchett"]
[PlyCount "134"]
[EventDate "2023.04.07"]
[EventRounds "7"]
[EventCountry "WLS"]

1. d4 {[%emt 0:00:03]} Nf6 {[%emt 0:00:05]} 2. Nf3 {[%emt 0:00:16]} g6 {[%emt 0:00:05]} 3. g3 {[%emt 0:00:18]} Bg7 {[%emt 0:00:08]} 4. Bg2 {[%emt 0:00:19]} d5 {[%emt 0:00:21]} 5. O-O {[%emt 0:00:19]} O-O {[%emt 0:00:08]} 6. c4 {[%emt 0:00:29]} dxc4 {[%emt 0:00:23]} 7. Na3 {[%emt 0:00:49]} c3 {[%emt 0:00:40]} 8. bxc3 {[%emt 0:00:29]} c5 {[%emt 0:00:38]} 9. Rb1 {[%emt 0:01:09]} Nc6 {[%emt 0:00:47]} 10. Bf4 {[%emt 0:04:28]} Nd5 {[%emt 0:06:19]} 11. Qd2 {[%emt 0:01:32]} Nxf4 {[%emt 0:01:04]} 12. Qxf4 {[%emt 0:00:11]} cxd4 {[%emt 0:01:14]} 13. cxd4 {[%emt 0:00:46]} Bxd4 {[%emt 0:17:01]} 14. Rfd1 {[%emt 0:03:47]} e5 {[%emt 0:00:26]} 15. Nxe5 {[%emt 0:04:48]} Bxe5 {[%emt 0:00:17]} 16. Rxd8 {[%emt 0:02:05]} Bxf4 {[%emt 0:00:03]} 17. Rxf8+ {[%emt 0:00:13]} Kxf8 {[%emt 0:00:03]} 18. gxf4 {[%emt 0:00:13]} Nd4 {[%emt 0:02:23]} 19. e3 {[%emt 0:01:39]} Ne2+ {[%emt 0:06:16]} 20. Kf1 {[%emt 0:00:44]} Nc3 {[%emt 0:02:16]} 21. Rb2 {[%emt 0:00:48]} Be6 {[%emt 0:01:52]} 22. Rxb7 {[%emt 0:00:26]} Rd8 {[%emt 0:00:46]} 23. f3 {[%emt 0:02:02]} Rd1+ {[%emt 0:00:41]} 24. Kf2 {[%emt 0:00:26]} Rd2+ {[%emt 0:01:57]} 25. Kf1 {[%emt 0:01:31]} Rxa2 {[%emt 0:00:53]} 26. Rxa7 {[%emt 0:04:27]} Bc4+ {[%emt 0:06:15]} 27. Ke1 {[%emt 0:07:18]} Nb1 {[%emt 0:04:21]} 28. Ra8+ Kg7 {[%emt 0:04:56]} 29. Nxc4 Rxa8 {[%emt 0:00:53]} 30. Kf2 Nc3 {[%emt 0:02:26]} 31. Kg3 Nd1 {[%emt 0:02:53]} 32. e4 {[%emt 0:01:32]} h5 {[%emt 0:02:31]} 33. h4 {[%emt 0:03:42]} Nc3 {[%emt 0:05:59]} 34. Bf1 {[%emt 0:04:52]} Ra1 {[%emt 0:01:58]} 35. Kg2 {[%emt 0:02:09]} f5 {[%emt 0:00:03]} 36. exf5 {[%emt 0:04:55]} gxf5 {[%emt 0:00:16]} 37. Bd3 {[%emt 0:00:19]} Kg6 {[%emt 0:02:32]} 38. Ne3 {[%emt 0:01:28]} Ra5 {[%emt 0:00:10]} 39. Nc4 {[%emt 0:00:28]} Ra8 {[%emt 0:04:44]} 40. Ne3 {[%emt 0:01:33]} Rf8 {[%emt 0:12:14]} 41. Kf2 {[%emt 0:02:37]} Na4 {[%emt 0:01:47]} 42. Kg3 {[%emt 0:01:29]} Nc5 {[%emt 0:00:12]} 43. Bc2 {[%emt 0:00:54]} Ne6 {[%emt 0:00:47]} 44. Nd5 {[%emt 0:01:20]} Nd4 {[%emt 0:04:24]} 45. Bd3 {[%emt 0:01:08]} Rd8 {[%emt 0:05:09]} 46. Ne3 {[%emt 0:00:56]} Kf6 {[%emt 0:01:11]} 47. Kf2 {[%emt 0:01:01]} Nxf3 {[%emt 0:02:13]} 48. Kxf3 {[%emt 0:02:06]} Rxd3 {[%emt 0:00:13]} 49. Ke2 {[%emt 0:00:25]} Rd7 {[%emt 0:00:35]} 50. Kf3 {[%emt 0:00:20]} Rg7 {[%emt 0:02:55]} 51. Kf2 {[%emt 0:02:19]} Ke6 {[%emt 0:01:12]} 52. Kf3 {[%emt 0:00:32]} Rb7 {[%emt 0:11:00]} 53. Kf2 {[%emt 0:00:44]} Rf7 {[%emt 0:02:09]} 54. Kf3 {[%emt 0:00:23]} Kd6 {[%emt 0:00:12]} 55. Nc4+ {[%emt 0:00:18]} Kc5 {[%emt 0:00:47]} 56. Ne5 {[%emt 0:00:25]} Ra7 {[%emt 0:01:33]} 57. Ng6 {[%emt 0:01:21]} Kd4 {[%emt 0:00:30]} 58. Ke2 {[%emt 0:02:51]} Ke4 {[%emt 0:00:29]} 59. Kf2 {[%emt 0:01:33]} Ra3 {[%emt 0:00:15]} 60. Kg2 {[%emt 0:00:56]} Rf3 {[%emt 0:00:14]} 61. Kh2 {[%emt 0:05:53]} Rxf4 {[%emt 0:00:10]} 62. Nxf4 {[%emt 0:00:19]} Kxf4 {[%emt 0:00:05]} 63. Kg2 {[%emt 0:00:40]} Kg4 {[%emt 0:00:12]} 64. Kf2 {[%emt 0:00:31]} Kxh4 {[%emt 0:00:06]} 65. Kf3 {[%emt 0:01:08]} Kg5 {[%emt 0:00:04]} 66. Kg3 {[%emt 0:00:53]} f4+ {[%emt 0:00:03]} 67. Kh3 {[%emt 0:00:19]} Kf5 {[%emt 0:00:22]} 0-1

[Event "2023 Welsh Open"]
[Site "Cardiff"]
[Date "2023.04.10"]
[Round "7.8"]
[White "Guy, David"]
[Black "Parri, Deio"]
[Result "1/2-1/2"]
[WhiteElo "1827"]
[BlackElo "1597"]
[Annotator "Paul,Hatchett"]
[PlyCount "52"]
[EventDate "2023.04.07"]
[EventRounds "7"]
[EventCountry "WLS"]

1. d4 {[%emt 0:00:03]} d5 {[%emt 0:00:25]} 2. Nf3 {[%emt 0:00:29]} Nf6 {[%emt 0:00:14]} 3. c4 {[%emt 0:00:50]} e6 {[%emt 0:00:11]} 4. Nc3 {[%emt 0:00:16]} Be7 {[%emt 0:00:12]} 5. Bg5 {[%emt 0:00:22]} O-O {[%emt 0:00:38]} 6. e3 {[%emt 0:00:13]} c6 {[%emt 0:01:57]} 7. Qc2 {[%emt 0:00:44]} b6 {[%emt 0:03:17]} 8. cxd5 {[%emt 0:02:10]} cxd5 {[%emt 0:00:52]} 9. Bd3 {[%emt 0:00:35]} h6 {[%emt 0:01:27]} 10. Bh4 {[%emt 0:00:23]} Nbd7 {[%emt 0:04:58]} 11. O-O {[%emt 0:00:49]} Bb7 {[%emt 0:00:09]} 12. Rac1 {[%emt 0:01:23]} a6 {[%emt 0:00:39]} 13. a3 {[%emt 0:02:04]} Rc8 {[%emt 0:03:40]} 14. Qb3 {[%emt 0:02:16]} Ne4 {[%emt 0:07:46]} 15. Bxe7 {[%emt 0:01:11]} Qxe7 {[%emt 0:00:06]} 16. Bxe4 {[%emt 0:04:56]} dxe4 {[%emt 0:01:20]} 17. Nd2 {[%emt 0:00:15]} f5 {[%emt 0:02:38]} 18. Nc4 {[%emt 0:07:40]} b5 {[%emt 0:01:01]} 19. Na5 {[%emt 0:01:45]} Ba8 {[%emt 0:00:58]} 20. Qa2 {[%emt 0:03:31]} Nf6 {[%emt 0:01:50]} 21. b4 {[%emt 0:00:46]} Bd5 {[%emt 0:03:54]} 22. Nxd5 {[%emt 0:00:30]} Nxd5 {[%emt 0:00:09]} 23. Nb3 {[%emt 0:03:42]} Nc3 {[%emt 0:04:31]} 24. Qb2 {[%emt 0:01:13]} Na4 {[%emt 0:00:09]} 25. Qa2 {[%emt 0:02:01]} Nc3 {[%emt 0:00:09]} 26. Qb2 {[%emt 0:03:06]} Na4 {[%emt 0:00:08]} 1/2-1/2

[Event "2023 Welsh Open"]
[Site "Cardiff"]
[Date "2023.04.10"]
[Round "7.9"]
[White "Bridges, Paul"]
[Black "Browse, Joseph"]
[Result "1/2-1/2"]
[WhiteElo "1751"]
[BlackElo "1473"]
[PlyCount "58"]
[EventDate "2023.04.07"]
[SourceVersionDate "2023.04.28"]

1. e4 c6 2. d4 d5 3. e5 c5 4. c3 Nc6 5. Nf3 cxd4 6. cxd4 Bg4 7. Bb5 e6 8. O-O Nge7 9. Be3 Nf5 10. h3 Bxf3 11. Qxf3 Be7 12. Nd2 O-O 13. Bxc6 bxc6 14. Nb3 a5 15. Rfc1 Nxe3 16. Qxe3 Qb6 17. Rab1 a4 18. Nc5 Bxc5 19. Rxc5 Ra5 20. Rxa5 Qxa5 21. Rc1 Qb4 22. Qc3 Qxc3 23. Rxc3 g6 24. Rxc6 Rb8 25. Rc2 Rb4 26. Rd2 Kg7 27. Kf1 Kh6 28. Ke2 Kg5 29. g3 h5 1/2-1/2

[Event "2023 Welsh Open"]
[Site "Cardiff"]
[Date "2023.04.10"]
[Round "7.10"]
[White "Larg, Richard"]
[Black "Greco, Joseph"]
[Result "0-1"]
[WhiteElo "1590"]
[BlackElo "1730"]
[PlyCount "54"]
[EventDate "2023.04.07"]
[SourceVersionDate "2023.04.29"]

1. d4 e6 2. Nf3 d5 3. e3 f5 4. Be2 Nf6 5. Ne5 g6 6. c4 Bg7 7. cxd5 exd5 8. Qc2 Nbd7 9. Nxd7 Bxd7 10. Nc3 c6 11. Bd2 O-O 12. O-O Qe7 13. Rfe1 Rae8 14. a4 Bh6 15. Bf3 Ne4 16. Bxe4 fxe4 17. Rf1 Qh4 18. Be1 Rf3 19. Ne2 Rh3 20. f4 Qg4 21. Kh1 Rxe3 22. Rf2 Rf8 23. g3 Rf3 24. Qd1 Rxf2 25. Bxf2 e3 26. Be1 Qf3+ 27. Kg1 Bh3 0-1

[Event "2023 Welsh Open"]
[Site "Cardiff"]
[Date "2023.04.10"]
[Round "7.11"]
[White "Dixon, Chris"]
[Black "Dasselaar, Hendrik"]
[Result "1/2-1/2"]
[WhiteElo "1700"]
[BlackElo "1297"]
[PlyCount "54"]
[EventDate "2023.04.07"]
[SourceVersionDate "2023.04.29"]

1. Nf3 d5 2. g3 Nf6 3. Bg2 Bf5 4. O-O c5 5. d3 Nc6 6. Nbd2 e6 7. Re1 h6 8. b3 Be7 9. Bb2 O-O 10. e4 dxe4 11. dxe4 Bg4 12. h3 Bh5 13. a3 Qc7 14. e5 Nd5 15. c4 Nb6 16. Qe2 a5 17. a4 Nb4 18. Ne4 Rad8 19. Rad1 Rxd1 20. Rxd1 Rd8 21. Kh2 Nc8 22. Rd2 Na7 23. Qd1 Bg6 24. Rxd8+ Bxd8 25. Ne1 Be7 26. h4 Nac6 27. f4 b6 1/2-1/2

[Event "2023 Welsh Open"]
[Site "Cardiff"]
[Date "2023.04.10"]
[Round "7.12"]
[White "Buttell, David"]
[Black "Jansen Van Rensurg, Leon"]
[Result "1-0"]
[WhiteElo "1691"]
[BlackElo "1512"]
[PlyCount "83"]
[EventDate "2023.04.07"]
[SourceVersionDate "2023.04.29"]

1. d4 d5 2. c4 c6 3. Nf3 Nf6 4. Nc3 e6 5. e3 Nbd7 6. Bd2 Be7 7. Rc1 c5 8. cxd5 Nxd5 9. Nxd5 exd5 10. Be2 c4 11. O-O O-O 12. Bc3 b5 13. b4 Bb7 14. Nd2 f5 15. Bf3 Bd6 16. g3 Bc7 17. a4 a6 18. Ra1 Qg5 19. Bg2 Nb6 20. Nf3 Qe7 21. axb5 axb5 22. Qc2 Na4 23. Rfc1 Bd6 24. Be1 Bxb4 25. Bxb4 Qxb4 26. Ne5 Qd6 27. Rcb1 Bc6 28. Nxc6 Qxc6 29. Rb4 g6 30. Rab1 Rfb8 31. h4 Ra5 32. h5 Nb6 33. hxg6 hxg6 34. Bf3 Rb7 35. Kg2 Rh7 36. Qb2 Na4 37. Qc2 Rh6 38. Rxb5 Rxb5 39. Qxa4 Rb6 40. Qxc6 Rxb1 41. Qe6+ Kg7 42. Bxd5 1-0

[Event "2023 Welsh Open"]
[Site "Cardiff"]
[Date "2023.04.10"]
[Round "7.14"]
[White "Graczyk, Piotr"]
[Black "Morgans, Justin"]
[Result "1/2-1/2"]
[WhiteElo "1524"]
[BlackElo "1636"]
[PlyCount "84"]
[EventDate "2023.04.07"]
[SourceVersionDate "2023.04.29"]

1. f4 d5 2. Nf3 Nf6 3. e3 e6 4. b3 Be7 5. Bb2 O-O 6. Be2 c5 7. O-O Nc6 8. Ne5 Bd7 9. g4 d4 10. Bf3 Nd5 11. Bxd5 exd5 12. Nxc6 Bxc6 13. exd4 cxd4 14. d3 Bc5 15. Nd2 Qh4 16. Qe2 Rfe8 17. Qg2 Re3 18. Nf3 Qf6 19. Ne5 a6 20. Bc1 Re8 21. Bxe3 dxe3 22. Qe2 d4 23. g5 Qd6 24. Nxc6 Qxc6 25. Rf3 f5 26. a3 a5 27. h4 Bd6 28. Kh2 Qc3 29. Rg1 Bxa3 30. g6 h6 31. Rff1 Qc7 32. Rg2 Bb4 33. Qf3 Qc6 34. Qxc6 bxc6 35. Re2 Bc3 36. h5 c5 37. Kg3 Ra8 38. Ree1 Bxe1+ 39. Rxe1 a4 40. bxa4 Rxa4 41. Rb1 Rb4 42. Ra1 Rb8 1/2-1/2

[Event "2023 Welsh Open"]
[Site "Cardiff"]
[Date "2023.04.10"]
[Round "7.15"]
[White "Thomas, Mark"]
[Black "Binesmael, Mohamed"]
[Result "1/2-1/2"]
[WhiteElo "1789"]
[BlackElo "1553"]
[PlyCount "143"]
[EventDate "2023.04.07"]
[SourceVersionDate "2023.04.29"]

1. e4 c6 2. d3 d5 3. Nd2 e5 4. Ngf3 Bd6 5. g3 Bg4 6. Bg2 Nd7 7. h3 Bh5 8. O-O g5 9. exd5 cxd5 10. c4 g4 11. hxg4 Bxg4 12. cxd5 Nb6 13. Ne4 Nxd5 14. Qa4+ Kf8 15. Nxd6 Bxf3 16. Nxf7 Kxf7 17. Bxf3 Ngf6 18. Bg5 Qd6 19. Qb3 Kg6 20. Bh4 Rhg8 21. Rad1 Ne7 22. Rfe1 Raf8 23. d4 e4 24. Bxf6 Qxf6 25. Bxe4+ Kg7 26. Qe3 h5 27. Bg2 Ng6 28. Re2 Re8 29. Qxe8 Rxe8 30. Rxe8 h4 31. Rb8 Kh6 32. Rxb7 Ne7 33. Re1 Nf5 34. d5 Kg5 35. Rb3 hxg3 36. fxg3 Qd4+ 37. Kh2 Nh6 38. Re4 Ng4+ 39. Rxg4+ Qxg4 40. Re3 Qh5+ 41. Bh3 Qd1 42. Re5+ Kf6 43. Rf5+ Ke7 44. Bg2 Qb1 45. Rf4 Qxb2 46. a4 a5 47. Rh4 Qa1 48. Rh7+ Kd8 49. Rh4 Ke7 50. Kh3 Qa2 51. Rf4 Qd2 52. Bf3 Qd3 53. Kh4 Kd6 54. Kg5 Qh7 55. Rf6+ Kc5 56. Kf4 Kb4 57. g4 Kxa4 58. g5 Qh4+ 59. Kf5 Qh3+ 60. Kg6 Kb4 61. Be4 a4 62. d6 Qd7 63. Bf5 Qe8+ 64. Rf7 Qg8+ 65. Kf6 a3 66. Be6 Qd8+ 67. Ke5 Qxg5+ 68. Rf5 Qg7+ 69. Rf6 Qg5+ 70. Rf5 Qg7+ 71. Rf6 Qg5+ 72. Rf5 1/2-1/2

[Event "2023 Welsh Open"]
[Site "Cardiff"]
[Date "2023.04.10"]
[Round "7.16"]
[White "Beeston, Darson"]
[Black "Stuart, Neil"]
[Result "1-0"]
[WhiteElo "1523"]
[BlackElo "1746"]
[PlyCount "43"]
[EventDate "2023.04.07"]
[SourceVersionDate "2023.04.29"]

1. e4 c5 2. Nc3 e6 3. Bc4 Nc6 4. f4 a6 5. a4 Be7 6. Nf3 d6 7. d3 Bd7 8. O-O Qc7 9. Qe1 Bf6 10. g4 Nd4 11. Nxd4 Bxd4+ 12. Be3 Bxe3+ 13. Qxe3 Ne7 14. f5 e5 15. Qg5 Bc6 16. Qxg7 O-O-O 17. Qxf7 h5 18. g5 Kb8 19. f6 Nc8 20. Qxc7+ Kxc7 21. f7 Bd7 22. g6 1-0

[Event "2023 Welsh Open"]
[Site "Cardiff"]
[Date "2023.04.10"]
[Round "7.19"]
[White "Kong, Emma Zihan"]
[Black "Williams, Stephen"]
[Result "1-0"]
[WhiteElo "1223"]
[BlackElo "1569"]
[PlyCount "86"]
[EventDate "2023.04.07"]
[SourceVersionDate "2023.04.29"]

1. d4 Nf6 2. c4 g6 3. Nc3 Bg7 4. e4 d6 5. Nf3 O-O 6. Be3 c5 7. d5 Nbd7 8. Nd2 a6 9. a4 Ne5 10. h3 e6 11. f4 Ned7 12. Be2 Nb8 13. h4 exd5 14. cxd5 h5 15. f5 Qe7 16. Bf3 Bxf5 17. Bg5 Qe5 18. Nc4 Qg3+ 19. Kf1 Ng4 20. Bxg4 Bxg4 21. Qd2 Be5 22. Qe3 Qxe3 23. Nxe3 f6 24. Bh6 Rf7 25. Nxg4 hxg4 26. Ke2 Nd7 27. Nd1 Rh7 28. Be3 Nb6 29. a5 Nc4 30. Ra2 Rf8 31. Bf2 f5 32. b3 Nxa5 33. Rxa5 f4 34. Ra2 Rc8 35. Nb2 b5 36. Nd3 Ra8 37. Nxe5 dxe5 38. Bxc5 Kf7 39. b4 g5 40. Bd6 gxh4 41. Bxe5 Re8 42. Bxf4 Rxe4+ 43. Be3 Rxb4 1-0

[Event "2023 Welsh Open"]
[Site "Cardiff"]
[Date "2023.04.10"]
[Round "7.21"]
[White "Bickford, Ben"]
[Black "Enoch, Kristan"]
[Result "1-0"]
[WhiteElo "1482"]
[BlackElo "1111"]
[PlyCount "65"]
[EventDate "2023.04.07"]
[SourceVersionDate "2023.05.03"]

1. d4 c5 2. e3 e6 3. c3 Nf6 4. f4 d5 5. Bd3 Nc6 6. Nf3 Bd6 7. O-O O-O 8. Ne5 Qb6 9. Rf3 Bxe5 10. fxe5 Nd7 11. b3 f6 12. exf6 Nxf6 13. Ba3 Nd7 14. Rxf8+ Nxf8 15. Bxc5 Qc7 16. Bxf8 Kxf8 17. Bxh7 Ne7 18. Bd3 b6 19. Qf3+ Kg8 20. c4 Bb7 21. Qh3 Rf8 22. Qxe6+ Kh8 23. Qh3+ Kg8 24. Qh7+ Kf7 25. Nc3 Ke8 26. Bg6+ Nxg6 27. Qxg6+ Rf7 28. Qe6+ Re7 29. Qg8+ Kd7 30. Nxd5 Bxd5 31. Qxd5+ Kc8 32. Rf1 Re8 33. Rf7 1-0

[Event "2023 Welsh Open"]
[Site "Cardiff"]
[Date "2023.04.10"]
[Round "7.22"]
[White "Emblem, Mark"]
[Black "White, Sam"]
[Result "0-1"]
[WhiteElo "1403"]
[BlackElo "1444"]
[Annotator "Paul,Hatchett"]
[PlyCount "62"]
[EventDate "2023.04.07"]
[SourceVersionDate "2023.05.03"]

1. e4 d6 2. d4 Nf6 3. Nc3 g6 4. Bg5 Bg7 5. Be2 c6 6. Qd2 Bg4 7. h3 Bxe2 8. Ngxe2 h6 9. Be3 b5 10. b4 a5 11. bxa5 b4 12. Nd1 Qxa5 13. f3 Nbd7 14. O-O e5 15. Nb2 Qb5 16. Qd3 Qxd3 17. Nxd3 exd4 18. Bd2 c5 19. f4 Nxe4 20. Bc1 Ndf6 21. Nb2 Nd5 22. Rd1 Ndc3 23. Nxc3 Nxc3 24. Rd2 Rxa2 25. Rxa2 Nxa2 26. Re2+ Kd7 27. Bd2 Nc3 28. Re1 Nd5 29. Kf2 Re8 30. Ra1 d3 31. Ra7+ Ke6 {Rest of the moves cannot be read} 0-1

[Event "2023 Welsh Open"]
[Site "Cardiff"]
[Date "2023.04.10"]
[Round "7.23"]
[White "Prabhu, Vismith"]
[Black "Jakubiak, Krzysztof"]
[Result "0-1"]
[WhiteElo "1349"]
[BlackElo "1585"]
[PlyCount "76"]
[EventDate "2023.04.07"]
[SourceVersionDate "2023.05.03"]

1. d4 Nf6 2. c4 e6 3. Nf3 Bb4+ 4. Bd2 Qe7 5. a3 Bxd2+ 6. Nbxd2 d6 7. g3 Nbd7 8. Bg2 e5 9. O-O O-O 10. Re1 e4 11. Nh4 e3 12. Nf5 exf2+ 13. Kxf2 Ng4+ 14. Kg1 Qd8 15. e4 Ngf6 16. Qc2 Nb6 17. Ne3 c6 18. Re2 d5 19. c5 Nc4 20. Nexc4 dxc4 21. Qxc4 Be6 22. Qc3 Qd7 23. Nc4 Bxc4 24. Qxc4 Rad8 25. Rd1 Qg4 26. Rde1 Rd7 27. Qd3 Rfd8 28. d5 cxd5 29. exd5 Kf8 30. d6 b6 31. Bc6 bxc5 32. Bxd7 Qxd7 33. Re7 Qxd6 34. Re8+ Nxe8 35. Rxe8+ Kxe8 36. Qxh7 Qd1+ 37. Kg2 Qe2+ 38. Kh3 Qe6+ 0-1

[Event "2023 Welsh Open"]
[Site "Cardiff"]
[Date "2023.04.10"]
[Round "7.24"]
[White "Jones, Jeremy"]
[Black "Enoch, Stuart"]
[Result "1/2-1/2"]
[WhiteElo "1580"]
[BlackElo "1390"]
[PlyCount "163"]
[EventDate "2023.04.07"]
[SourceVersionDate "2023.05.03"]

1. d4 c5 2. d5 e6 3. c4 exd5 4. cxd5 Nf6 5. Nc3 d6 6. Nf3 Bg4 7. e3 a6 8. Be2 Be7 9. O-O O-O 10. h3 Bf5 11. Bd3 Bxd3 12. Qxd3 Nbd7 13. e4 Re8 14. Bf4 Bf8 15. Rfe1 b5 16. Re3 Qb6 17. b3 Rac8 18. Rae1 c4 19. Qd4 Qxd4 20. Nxd4 b4 21. Na4 c3 22. Nc6 Nc5 23. f3 Nxa4 24. bxa4 a5 25. Bg3 Ra8 26. Nd4 Rac8 27. Nb5 Red8 28. Na7 Ra8 29. Nc6 Rdc8 30. Bf2 Ra6 31. Rd3 Nd7 32. Rdd1 g6 33. Bd4 h6 34. Be3 Kh7 35. Kf1 Bg7 36. Bd4 Nb6 37. e5 dxe5 38. Bxe5 Nd7 39. Bxg7 Kxg7 40. Re7 Nf6 41. Ne5 Rf8 42. d6 c2 43. Rc1 Rxd6 44. Rxc2 Nd5 45. Nc4 Rc6 46. Rd7 Rc5 47. Rd2 Nc3 48. Nb6 Re8 49. Rb7 Re3 50. Rdd7 Rf5 51. Nc4 Re6 52. Nd6 Rxd6 53. Rxd6 Nxa2 54. Rb5 Nc3 55. Rxf5 gxf5 56. Ra6 Nxa4 57. Rxa5 Nc3 58. Ra8 Kf6 59. Ke1 Kg5 60. Rb8 Nd5 61. Rb5 Nf4 62. Kf1 Nd3 63. g3 f6 64. Ke2 Nc1+ 65. Kd2 Nb3+ 66. Ke3 Na1 67. h4+ Kg6 68. Kf4 Nc2 69. Rxf5 Nd4 70. h5+ Kf7 71. Ra5 Ke6 72. Ke4 Nc6 73. Ra6 Kd7 74. Kd5 Ne5 75. Rxf6 Nd3 76. Rxh6 b3 77. Rh7+ Kc8 78. Rh6 Kb7 79. Rh7+ Kb6 80. Rh8 Kc7 81. Rh7+ Kb6 82. Rh6+ 1/2-1/2

[Event "2023 Welsh Open"]
[Site "Cardiff"]
[Date "2023.04.10"]
[Round "7.25"]
[White "Hammett, Scott"]
[Black "Probert, Malcolm"]
[Result "1/2-1/2"]
[WhiteElo "1284"]
[BlackElo "1564"]
[PlyCount "57"]
[EventDate "2023.04.07"]
[SourceVersionDate "2023.05.03"]

1. f4 d5 2. Nf3 Nf6 3. b3 g6 4. Bb2 Bg7 5. e3 O-O 6. Be2 c5 7. O-O Nc6 8. Ne5 Qc7 9. c4 e6 10. Nxc6 Qxc6 11. Na3 Rd8 12. Rb1 Qd7 13. Bf3 a6 14. Rf2 Ra7 15. Nc2 b5 16. Qe2 Bb7 17. Ne1 Ne4 18. Bxe4 dxe4 19. Bxg7 Kxg7 20. h4 h5 21. g4 Rh8 22. Rg2 Kf8 23. g5 Kg7 24. Qd1 Rd8 25. Qc2 b4 26. Qb2+ Kg8 27. Qe5 Qc6 28. Qf6 Qd6 29. Ra1 1/2-1/2

[Event "2023 Welsh Open"]
[Site "Cardiff"]
[Date "2023.04.10"]
[Round "7.26"]
[White "Woodcock, Louise"]
[Black "Smith, Chris"]
[Result "1-0"]
[WhiteElo "1280"]
[BlackElo "1460"]
[PlyCount "103"]
[EventDate "2023.04.07"]
[SourceVersionDate "2023.05.03"]

1. f4 f5 2. d4 Nf6 3. e3 g6 4. Nf3 Bg7 5. c4 O-O 6. Be2 d6 7. O-O b6 8. Bd2 Bb7 9. Nc3 Nbd7 10. a3 c5 11. d5 Re8 12. Ng5 Nf8 13. Rb1 e6 14. Bf3 exd5 15. Nxd5 Nxd5 16. cxd5 Nd7 17. Ne6 Qc8 18. Re1 Nf6 19. Bc3 Nxd5 20. Bxd5 Bxc3 21. Ng5+ Kg7 22. bxc3 h6 23. Nf3 Bxd5 24. Qxd5 Qe6 25. Rbd1 Rad8 26. Qxe6 Rxe6 27. Kf2 Re4 28. Rd5 Rc4 29. Rd3 Ra4 30. Red1 Rxa3 31. Nd2 Ra2 32. Kf3 d5 33. Nf1 Ra3 34. c4 Rxd3 35. Rxd3 Kf7 36. Nd2 Ke6 37. cxd5+ Rxd5 38. Rxd5 Kxd5 39. e4+ fxe4+ 40. Nxe4 c4 41. Ke3 b5 42. Nc3+ Kc5 43. g4 Kb4 44. Kd4 a5 45. f5 gxf5 46. gxf5 a4 47. f6 a3 48. f7 Kb3 49. f8=Q a2 50. Qf1 Kb2 51. Qe2+ Ka3 52. Qxa2+ 1-0

[Event "2023 Welsh Open"]
[Site "Cardiff"]
[Date "2023.04.10"]
[Round "7.27"]
[White "Ilett, Tomos"]
[Black "Ramzan, Timur"]
[Result "1-0"]
[WhiteElo "950"]
[BlackElo "1200"]
[PlyCount "57"]
[EventDate "2023.04.07"]
[SourceVersionDate "2023.05.03"]

1. e4 c5 2. Nf3 Nc6 3. c3 e5 4. d4 Qc7 5. Bc4 h6 6. Qb3 d6 7. dxc5 dxc5 8. Be3 Nf6 9. Nbd2 Be7 10. Bxf7+ Kf8 11. Nc4 Nxe4 12. Bd5 Nf6 13. Bxc6 bxc6 14. Ncxe5 Bd6 15. Ng6+ Ke8 16. Nxh8 Rb8 17. Qc2 Kd8 18. O-O-O Ke7 19. Rhe1 Be6 20. Ng6+ Kf7 21. g3 Bg4 22. Rxd6 Qxd6 23. Nge5+ Kg8 24. Nxg4 Nxg4 25. Bf4 Qd8 26. Bxb8 Qxb8 27. Qg6 Nxf2 28. Re8+ Qxe8 29. Qxe8+ 1-0

[Event "2023 Welsh Open"]
[Site "Cardiff"]
[Date "2023.04.10"]
[Round "7.28"]
[White "Archibald, McKenzie"]
[Black "Head, Elliot"]
[Result "1-0"]
[WhiteElo "1208"]
[BlackElo "1168"]
[PlyCount "89"]
[EventDate "2023.04.07"]
[SourceVersionDate "2023.05.03"]

1. d4 d5 2. c4 dxc4 3. Nc3 a6 4. e3 b5 5. a4 c6 6. axb5 cxb5 7. Nxb5 Qb6 8. Nc3 e6 9. Nf3 Bb4 10. Bxc4 Nf6 11. Bd3 O-O 12. O-O Bb7 13. Bd2 Nbd7 14. Na4 Qd6 15. Bxb4 Qxb4 16. Qd2 Qd6 17. Be2 Ng4 18. h3 Bxf3 19. hxg4 Bxe2 20. Qxe2 Nf6 21. Nc5 a5 22. g5 Nd7 23. Nxd7 Qxd7 24. Rfb1 Rfb8 25. b4 Qd5 26. bxa5 Rxb1+ 27. Rxb1 Qxa5 28. Qb5 Qxb5 29. Rxb5 Ra1+ 30. Kh2 g6 31. Kg3 Kg7 32. d5 exd5 33. Rxd5 Ra4 34. Rd7 Rb4 35. Kf3 Ra4 36. e4 Ra5 37. Rd5 Ra7 38. e5 Re7 39. Kf4 Re8 40. Rd6 Re7 41. Ke4 Re8 42. f4 Re7 43. g4 Re8 44. f5 gxf5+ 45. gxf5 1-0

[Event "2023 Welsh Open"]
[Site "Cardiff"]
[Date "2023.04.07"]
[Round "1.20"]
[White "Archibald, McKenzie"]
[Black "Wescott, Dale"]
[Result "1/2-1/2"]
[WhiteElo "1208"]
[BlackElo "1607"]
[PlyCount "105"]
[EventDate "2023.04.07"]
[SourceVersionDate "2023.04.12"]

1. d4 d5 2. c4 c6 3. cxd5 cxd5 4. Nc3 Nf6 5. Nf3 Nc6 6. Bf4 Bf5 7. Qb3 Qb6 8. Qxb6 axb6 9. a3 e6 10. e3 Rc8 11. Be2 h6 12. O-O Nh5 13. Bg3 Nxg3 14. hxg3 Be7 15. Nd2 O-O 16. f3 Na5 17. Rac1 Rc6 18. Bb5 Rc7 19. Na4 Rfc8 20. Rxc7 Rxc7 21. Nc3 Bg5 22. Kf2 Bc2 23. Rc1 Bb3 24. Nxb3 Nxb3 25. Rd1 g6 26. Ba4 Na5 27. Rd2 Nc4 28. Nb5 Bxe3+ 29. Ke2 Rc8 30. Rd3 Bc1 31. b3 Nxa3 32. Nxa3 Bxa3 33. Rd2 Bb4 34. Rd1 Rc2+ 35. Kf1 Rb2 36. Kg1 Bd6 37. Kh2 Kg7 38. Kh3 f5 39. Re1 b5 40. Bxb5 Rxb3 41. Bd7 Rd3 42. Rxe6 Ba3 43. Be8 g5 44. Rb6 Rd1 45. Kh2 Rxd4 46. Rxb7+ Kf8 47. Bg6 f4 48. Rf7+ Kg8 49. gxf4 gxf4 50. Rh7 Rd2 51. Rd7 Bc5 52. Bf7+ Kf8 53. Rxd5 1/2-1/2